000 09358nam a22007097a 4500
005 20110307151825.0
010 _aHIN-89330 B-420863-900
020 _a9780070144842
_c195.00
020 _a0070144842
_c195.00
035 _aHN-61676
035 _aB-420863-900
037 _bDBAD/PUB
082 _a327.10954
100 _aपंत,पुष्पेश
_926426
245 _aभारत की विदेश नीति /
_cपुष्पेश पंत
246 _aBharat kee videsh neeti
_bby Pushpaish Pant
260 _aनई दिल्ली
_bटाटा मैग्रो हिल
_c2010
270 _aकश्मीरी गेट, दिल्ली-110006
_bनई दिल्ली
_e110002
300 _a8.12पृ
_c22सेमी (अजिल्द)
490 _aWE SERIES
_926427
942 _2ddc
_cHN
_mपंतपु
_h327.10954
999 _c36148
_d36148